00967nam a2200217 a 450000100060000000300090000600800410001502000150005604000280007108200180009910000200011724500690013726000510020630000140025750000190027150503500029065000310064065000180067165000280068965000320071718010CO-ViMGA141112s2004 ck r 000 u spa d a8449411548 aCO-ViMGAbspacCO-ViMGA04aR658.017 E5241 aGispert, Carlos10aEnciclopedia práctica de la pequeña y mediana empresa - Pyme aBarcelona (España), cOceano/Centrum, c2002 a928.p.il. aContiene CD.  aLa empresa y el mercado Publicidad y promoción de ventas La dirección de las Pymes La dirección y el marco de referencia legal Los recursos humanos Organización de las Pymes La información para la toma de decisiones Las finanzas en las Pymes Análisis de la empresa El proceso electrónico de datos Glosario de terminos empresariales14aADMINISTRACION DE EMPRESAS14aMICROEMPRESAS14aORGANIZACION INDUSTRIAL14aPEQUEÑA Y MEDIANA EMPRESA